000 00625nam a2200193 a 4500
001 000042191
005 20201002040009.0
008 131119s1983 spaa 000 0 spa d
020 _a8400054482
040 _aDO-SdBNP
_bspa
_cBNPHU
100 1 _aBlázquez, J. M.
_969196
245 1 0 _aMosaicos romanos de Soria /
_cpor J.M. Blázquez y T. Ortego.
260 _aMadrid :
_bCSIC,
_c1983.
300 _a106 p. (38 lám.) ;
_c28 cm.
490 1 _aCorpus de mosaicos de España ;
_v6
700 1 _aOrtego, T.
_969201
710 2 _aInstituto Español de Arqueología,
_968601
830 0 _aCorpus de mosaicos de España ;
_v6
_968602
999 _c41680
_d41680